Hotel Chains by Picture of Logo - Statistics

General Stats
  • This quiz has been taken 728 times
    201 since last reset
  • The average score is 9 of 18
Answer Stats
Picture Answer % Correct
Marriott
90%
Hilton
88%
Holiday Inn
84%
Sheraton
72%
Best Western
66%
DoubleTree
57%
Motel 6
55%
Days Inn
50%
Quality Inn
45%
Red Roof Inn
45%
Super 8
42%
La Quinta
36%
Four Seasons
35%
Comfort Inn
34%
Ritz-Carlton
34%
Ramada Inn
31%
InterContinental
26%
EconoLodge
21%
No matching quizzes found
Score Distribution
Percent of People with Each Score
Percentile by Number Answered
Your Score History
You have not taken this quiz since the last reset